000 00429nam a2200193Ia 4500
005 20250425161310.0
008 250425s9999 xx 000 0 und d
041 _aspa
082 _a892.73
100 _aANONIMO, A. A.
245 0 _aLAS MIL Y UNA NOCHES
250 _a1A ED.
260 _aCuba
_bHURACAN EDICIONES
_c1975
260 _aLA HABANA
300 _a385
650 _aNOVELA
942 _c01
010 _a17197
999 _c206417
_d206417